Football General Knowledge Quiz #2 - Statistics

General Stats
  • This quiz has been taken 634 times
    363 since last reset
  • The average score is 15 of 20
Answer Stats
Answer % Correct
Luka Modric
99%
Chelsea
89%
Thomas Muller
87%
Lamine Yamal
85%
Ivory Coast
84%
Pierre-Emerick Aubameyang
83%
Rome
79%
Paris Saint-Germain
78%
Kaka
76%
Sergio Aguero
76%
AFC Bournemouth
75%
Arjen Robben
75%
Petr Cech
72%
Espanyol
71%
Liverpool FC
71%
Blackburn Rovers
69%
Carlo Ancelotti
69%
Valencia
60%
Olympique de Marseille
42%
Getafe
25%
No matching quizzes found
Score Distribution
Percent of People with Each Score
Percentile by Number Answered
Your Score History
You have not taken this quiz since the last reset